Cenné papiere

Gespeichert in:
Bibliographische Detailangaben
1. Verfasser: Hrvoľová, Božena
Format: Buch
Sprache:Slowakisch
Veröffentlicht: Bratislava Elita 1992
Ausgabe:1. vyd.
Schlagworte:
Tags: Tag hinzufügen
Keine Tags, Fügen Sie das erste Tag hinzu!

MARC

LEADER 00000nam a2200000 4500
001 c001146
005 20221214085347.2
020 |a 80-85323-20-6 
041 0 |a slo 
044 |a SK 
245 1 0 |a Cenné papiere  |c Božena Hrvoľová 
250 |a 1. vyd. 
264 1 |a Bratislava  |b Elita  |c 1992 
300 |a 121 s. 
610 2 0 |a papiere cenné 
610 2 0 |a spoločnosti akciové 
610 2 0 |a akcie 
610 2 0 |a trh kapitálový 
610 2 0 |a certifikáty investičné 
610 2 0 |a podnikanie 
610 2 0 |a oceňovanie ekonomické 
100 1 |a Hrvoľová, Božena